000
00267nam a2200109Ia 4500
001
1264685
005
20260417141945.0
008
260417s9999 xx 000 0 und d
020
_a
9789752894525
245
0
_a
Suç ve Ceza
_c
Cem Akaş
260
_b
Everest Yayınları
999
_c
1264685
_d
1264685